<?xml version="1.0" encoding="UTF-8"?>
<record
    xmlns:xsi="http://www.w3.org/2001/XMLSchema-instance"
    xsi:schemaLocation="http://www.loc.gov/MARC21/slim http://www.loc.gov/standards/marcxml/schema/MARC21slim.xsd"
    xmlns="http://www.loc.gov/MARC21/slim">

  <leader>01160nam a22001937a 4500</leader>
  <controlfield tag="008">140618b        xxu||||| |||| 00| 0 eng d</controlfield>
  <datafield tag="020" ind1=" " ind2=" ">
    <subfield code="a">9781405763653</subfield>
  </datafield>
  <datafield tag="050" ind1=" " ind2=" ">
    <subfield code="a">KD310.H34(5e vol. 33)</subfield>
  </datafield>
  <datafield tag="245" ind1=" " ind2=" ">
    <subfield code="a">Halsbury's laws of England : discrimination, vol. 33. /</subfield>
    <subfield code="c">edited by Lord Mackay.</subfield>
  </datafield>
  <datafield tag="250" ind1=" " ind2=" ">
    <subfield code="a">5th ed.</subfield>
  </datafield>
  <datafield tag="260" ind1=" " ind2=" ">
    <subfield code="a">London: </subfield>
    <subfield code="b">Lexis Nexis,</subfield>
    <subfield code="c">2012.</subfield>
  </datafield>
  <datafield tag="300" ind1=" " ind2=" ">
    <subfield code="a">328p.:</subfield>
    <subfield code="c">26cm.</subfield>
  </datafield>
  <datafield tag="440" ind1=" " ind2=" ">
    <subfield code="p">Discrimination.</subfield>
    <subfield code="v">vol. 32</subfield>
  </datafield>
  <datafield tag="500" ind1=" " ind2=" ">
    <subfield code="a">Includes index.</subfield>
  </datafield>
  <datafield tag="505" ind1=" " ind2=" ">
    <subfield code="a">Contents: How to use Halsbury's laws of England -- References and abbreviations -- Table of statutes -- Table of statutory instruments -- Table of European union legislation -- Table of conventions, etc -- Table of non-statutory material -- Table of cases -- Discrimination: Table of contents -- Sources of law -- The commission for equality and human rights -- Protected characteristics -- Prohibited conduct -- Services and public functions -- Premises -- Work -- Education -- Associations -- Accessibility issues for disabled persons -- Advancement of equality -- Exceptions -- Inquiries, investigations and enforcement. </subfield>
  </datafield>
  <datafield tag="650" ind1=" " ind2=" ">
    <subfield code="a">Law.</subfield>
  </datafield>
  <datafield tag="700" ind1=" " ind2=" ">
    <subfield code="a">Mackay, Lord.</subfield>
  </datafield>
  <datafield tag="942" ind1=" " ind2=" ">
    <subfield code="2">lcc</subfield>
    <subfield code="c">BK</subfield>
  </datafield>
  <datafield tag="999" ind1=" " ind2=" ">
    <subfield code="c">3000</subfield>
    <subfield code="d">10500</subfield>
  </datafield>
  <datafield tag="952" ind1=" " ind2=" ">
    <subfield code="0">0</subfield>
    <subfield code="1">0</subfield>
    <subfield code="2">lcc</subfield>
    <subfield code="4">0</subfield>
    <subfield code="7">0</subfield>
    <subfield code="a">WIUC-1</subfield>
    <subfield code="b">WIUC-1</subfield>
    <subfield code="c">LL</subfield>
    <subfield code="d">2014-06-18</subfield>
    <subfield code="l">0</subfield>
    <subfield code="o">KD310.H34(5e vol. 33)</subfield>
    <subfield code="p">1107/95/14</subfield>
    <subfield code="r">2014-06-18 00:00:00</subfield>
    <subfield code="t">1</subfield>
    <subfield code="w">2014-06-18</subfield>
    <subfield code="y">BK</subfield>
  </datafield>
</record>
